Flora de la Real Expedición Botánica del Nuevo Reino de Granada (1783-1816) : publicada bajo los auspicios de los Gobiernos de España y Colombia y merced a la colaboración entre los Institutos de Cultura Hispánica de Madrid y Bogotá /

Guardado en:
Autores Corporativos: Real Expedición Botánica del Nuevo Reino de Granada, Instituto de Cultura Hispánica (España), Instituto Colombiano de Cultura Hispánica.
Otros Autores: Mutis, José Celestino, 1732-1808.
Formato: Libro
Idioma:Undetermined
Publicado: Madrid : Ediciones Cultura Hispánica, 1954-2010.
Edición:ed. facs.
Materias:
Acceso en línea:Dibujos Real Expedición botánica del Nuevo Reino de Granada
Etiquetas: Agregar Etiqueta
Sin Etiquetas, Sea el primero en etiquetar este registro!
LEADER 03375nam a22004215a 4500
001 EEA.libagro009495
005 20180615095216.0
008 140306m19542010sp############100#0#und#d
082 0 4 |a 581.981  |2 20 
111 2 |a Real Expedición Botánica del Nuevo Reino de Granada  |d (1783-1816) 
245 1 0 |a Flora de la Real Expedición Botánica del Nuevo Reino de Granada (1783-1816) :  |b publicada bajo los auspicios de los Gobiernos de España y Colombia y merced a la colaboración entre los Institutos de Cultura Hispánica de Madrid y Bogotá /  |c promovida y dirigida por José Celestino Mutis. 
246 1 |a Flora de la Real Expedición Botánica del Nuevo Reyno de Granada  |i Título de los v. 9-11, 13, 19-20, 23, 25, 32, 36, 38, 41, 45, 47, 49-50 
250 |a ed. facs. 
260 |a Madrid :  |b Ediciones Cultura Hispánica,  |c 1954-2010. 
300 |a v. :  |b il., lám. col ;  |c 55 cm. 
500 |a La biblioteca posee: t. 1. La Real Expedición Botánica del Nuevo Reyno de Granada -- t. 4. Gramíneas (2 v.) -- t. 5.1. Palmas y ciclantáceas -- t. 10. Orquidáceas -- t. 11. Orquidáceas -- t. 13. Piperáceas -- t. 20.2. Cesalpiniáceas -- -- t. 23. Dicapetaláceas y eufobiáceas -- -- t. 25.2. Malváceas -- t. 32. Onagráceas, araliáceas, haloragáceas, clethráceas, umbelíferas -- t. 36. Convolvuláceas, polemoniáceas, hidrofiláceas y boragináceas -- -- t. 41. Bignoniáceas, lentibulariáceas, acantáceas, plantagináceas, caprifoliáceas, valerianáceas -- t. 45. Cucurbitales y campanulales (2 v.) -- t. 47. Compuestas Tribu astereas -- t. 50. Asteráceas, tribus barnadesieae, mutisieae, lactuceae y anatomías de las compuestas. 
650 7 |a Flora  |z Colombia 
700 1 |a Mutis, José Celestino,  |d 1732-1808. 
710 2 |a Instituto de Cultura Hispánica (España) 
710 2 |a Instituto Colombiano de Cultura Hispánica. 
856 |u http://www.rjb.csic.es/icones/mutis/paginas/index.php  |y Dibujos Real Expedición botánica del Nuevo Reino de Granada 
859 |a AR-BbBCA  |b BIB. AGRONOMIA  |h C581.981  |i M992  |p 2005/4888  |v t.1  |3 Tomo I 
859 |a AR-BbBCA  |b BIB. AGRONOMIA  |h C581.981  |i M992  |p 2005/4889  |v t.4-1  |3 Tomo IV-1 
859 |a AR-BbBCA  |b BIB. AGRONOMIA  |h C581.981  |i M992  |p 2005/4890  |v t.4-2  |3 Tomo IV-2 
859 |a AR-BbBCA  |b BIB. AGRONOMIA  |h C581.981  |i M992  |p 2005/4906  |v 50  |3 Tomo L 
859 |a AR-BbBCA  |b BIB. AGRONOMIA  |h C581.981  |i M992  |p 2005/4891  |v 5-1  |3 Tomo V-1 
859 |a AR-BbBCA  |b BIB. AGRONOMIA  |h C581.981  |i M992  |p 2005/4892  |v 10  |3 Tomo X 
859 |a AR-BbBCA  |b BIB. AGRONOMIA  |h C581.981  |i M992  |p 2005/4893  |v 11  |3 Tomo XI 
859 |a AR-BbBCA  |b BIB. AGRONOMIA  |h C581.981  |i M992  |p 2005/4894  |v 13  |3 Tomo XIII 
859 |a AR-BbBCA  |b BIB. AGRONOMIA  |h C581.981  |i M992  |p 2005/4902  |v 41  |3 Tomo XLI 
859 |a AR-BbBCA  |b BIB. AGRONOMIA  |h C581.981  |i M992  |p 2005/4904  |v 45-1  |3 Tomo XLV-1 
859 |a AR-BbBCA  |b BIB. AGRONOMIA  |h C581.981  |i M992  |p 2005/4905  |v 45-2  |3 Tomo XLV-2 
859 |a AR-BbBCA  |b BIB. AGRONOMIA  |h C581.981  |i M992  |p 2005/4903  |v 48  |3 Tomo XLVII 
859 |a AR-BbBCA  |b BIB. AGRONOMIA  |h C581.981  |i M992  |p 2005/4895  |v 20-2  |3 Tomo XX-2 
859 |a AR-BbBCA  |b BIB. AGRONOMIA  |h C581.981  |i M992  |p 2005/4896  |v 23  |3 Tomo XXIII 
859 |a AR-BbBCA  |b BIB. AGRONOMIA  |h C581.981  |i M992  |p 2005/4897  |v 24-2  |3 Tomo XXV-2 
859 |a AR-BbBCA  |b BIB. AGRONOMIA  |h C581.981  |i M992  |p 2005/4900  |v 32  |3 Tomo XXXII 
859 |a AR-BbBCA  |b BIB. AGRONOMIA  |h C581.981  |i M992  |p 2005/4901  |v 36  |3 Tomo XXXVI